Copa América 2024 - Équipes de Football - Statistiques

Statistiques générales
  • Ce quiz a été pris 541 fois
  • Le résultat moyen est 14 sur 16
Statistiques - réponses
Pays % Correct
Argentine
99%
Brésil
99%
Colombie
95%
Uruguay
95%
Chili
93%
Mexique
90%
États-Unis
88%
Canada
87%
Pérou
86%
Venezuela
86%
Paraguay
85%
Équateur
83%
Bolivie
81%
Costa Rica
77%
Panama
72%
Jamaïque
56%
Aucun quiz correspondant
Distribution des résultats
% des personnes avec chaque résultat
Percentile par nombre de réponses
Votre historique - résultats
Vous n’avez pas pris ce quiz